000 00313nam a22001337a 4500
008 180919b xxu||||| |||| 00| 0 eng d
020 _a9780135034767
041 _aeng
080 _a159.9
100 _a49
101 _aPSI
245 _aTheories of Counseling and Psychotherapy
_cSeligman, L
942 _2udc
_cBK
999 _c48008
_d48008